000 00687cam a22002051 4500
001 ne 63000950
003 DLC
005 20260227111745.0
008 820305s1962 ua 000 0 ararc
010 _ane 63000950
035 _a(OCoLC)8215287
040 _aPrinceton Univ. Libr.
_cTU
_dTU
_dDLC
042 _apremarc
050 0 0 _aPJ7814.S5
_bJ5
100 1 _aʻĀshūr, Nuʻmān.
245 1 0 _aJins al-Ḥarīm,
_bkūmīdyā ijtimāʻīyah khaff̄ah fī thalāthat fuṣūl.
_cbi-qalam Nuʻmān ʻĀshūr.
260 _a[al-Qāhirah,
_bal-Dār al-Qawmīyah lil-Ṭibāʻah wa-al-Nashr,
_c1962 ?]
300 _a144 p.
_c24 cm.
490 0 _aal-Kitāb al-māsī, qiṣaṣ ʻArabīyah.
999 _c45868
_d45868